000 00410nam a22001697a 4500
005 20180725130516.0
008 160514b xxu||||| |||| 00| 0 eng d
020 _a0-19-566766-X
041 _aeng
082 _b2327
_a658.3
100 _aUDAI, PAREEK
_94618
245 _aUnderstanding Organizational Behaviour
260 _bOxford
_c2004
_aDELHI
300 _a543p,
650 _aManagement
_9241
942 _cBK
999 _c842
_d842